| 000 | 01169nam a2200301Ia 4500 | ||
|---|---|---|---|
| 001 | ebr10745647 | ||
| 003 | CaPaEBR | ||
| 006 | m o u | ||
| 007 | cr cn||||||||| | ||
| 008 | 130815s2013 enk sb 001 0 eng d | ||
| 020 | _z9781782840817 | ||
| 020 | _z9781845195137 | ||
| 040 |
_aCaPaEBR _cCaPaEBR |
||
| 035 | _a(OCoLC)859157713 | ||
| 050 | 1 | 4 |
_aHM831 _b.G873 2013eb |
| 100 | 1 | _aGurruchaga, Ander. | |
| 245 | 1 | 0 |
_aSocieties of social innovation _h[electronic resource] : _bvoices and arguments / _cAnder Gurrutxaga Abad. |
| 260 |
_aEastbourne : _bSussex Academic Press, _c2013. |
||
| 300 | _a233 p. | ||
| 504 | _aIncludes bibliographical references and index. | ||
| 533 |
_aElectronic reproduction. _bPalo Alto, Calif. : _cebrary, _d2013. _nAvailable via World Wide Web. _nAccess may be limited to ebrary affiliated libraries. |
||
| 650 | 0 | _aSocial change. | |
| 650 | 0 | _aSocial evolution. | |
| 650 | 0 |
_aTechnological innovations _xSocial aspects. |
|
| 655 | 7 |
_aElectronic books. _2local |
|
| 710 | 2 | _aebrary, Inc. | |
| 856 | 4 | 0 |
_uhttp://site.ebrary.com/lib/rucke/Doc?id=10745647 _zAn electronic book accessible through the World Wide Web; click to view |
| 999 |
_c14133 _d14133 |
||